000 00811nam a2200229Ia 4500
001 3217
003 GE_BSU
008 181216s||||||||xx |||||||||||||| ||und||
040 _cGE_BSU
080 _a621.32+658.26(075.8)
100 _aФедоров,А.А. Каменева,В.В.
245 _aОсновы электроснабжения промишленных предприятий.
245 _bУчебник для вузов.
245 _cРед. изд. Л.В.Копейкина.
250 _aИзд 4-ое, перераб. и доп.
260 _aМ.
260 _bЭнергоатомиздат.
260 _c1984.
300 _a472 стр. с илл. 21 см.
653 _aОсновы электроснабжения промишленных предприятий.
942 _cBK
999 _c37258
_d37258